000 00454nam a2200121 a 4500
008 120416s1965 ||||||||||||||||| || u
050 _aTH 1715 Eng
245 0 0 _aThermal insulation of industrial buildings
260 _aLondon
_bConstable & Co
_c1965
300 _axi, 80p. : ill.
350 _a0.00
995 _D0.00
_FCBU-MAIN LIBRARY (Kitwe)
_H1
_I1.60
_M1
_UAVAILABLE
_ZAnnex Low-Usage Collection
999 _c59812
_d59812